ბათუმის შოთა რუსთაველის სახელმწიფო უნივერსიტეტის ბიბლიოთეკა

ორი რომანი:ტ.1:სუსხი ავბედობის ჩაუმქრალი კერა. (ბიბ.ჩანაწერი № 43923)

000 -LEADER
fixed length control field 00834nam a2200205Ia 4500
001 - CONTROL NUMBER
control field 10672
003 - CONTROL NUMBER IDENTIFIER
control field GE_BSU
008 - FIXED-LENGTH DATA ELEMENTS--GENERAL INFORMATION
fixed length control field 181216s||||||||xx |||||||||||||| ||und||
040 ## - CATALOGING SOURCE
Transcribing agency GE_BSU
080 ## - UNIVERSAL DECIMAL CLASSIFICATION NUMBER
Universal Decimal Classification number 821.353.1+821.353.1-311.6
100 ## - MAIN ENTRY--PERSONAL NAME
Personal name ფაღავა,იუსუფ
245 ## - TITLE STATEMENT
Title ორი რომანი:ტ.1:სუსხი ავბედობის ჩაუმქრალი კერა.
245 ## - TITLE STATEMENT
Statement of responsibility, etc. გამომც.რედ.გულნარა ფაღავა;მხატვ.რედ.გურამ გუჯაბიძე
260 ## - PUBLICATION, DISTRIBUTION, ETC.
Place of publication, distribution, etc. ბათუმი.
260 ## - PUBLICATION, DISTRIBUTION, ETC.
Name of publisher, distributor, etc. 1998.
260 ## - PUBLICATION, DISTRIBUTION, ETC.
Date of publication, distribution, etc. აჭარა.
300 ## - PHYSICAL DESCRIPTION
Extent 464გვ;20სმ.
653 ## - INDEX TERM--UNCONTROLLED
Uncontrolled term ორი რომანი:ტ.1:სუსხი ავბედობის ჩაუმქრალი კერა.
942 ## - ADDED ENTRY ELEMENTS (KOHA)
Koha item type წიგნი
ეგზემპლარები
Withdrawn status Lost status Damaged status Not for loan Date acquired Barcode Date last seen Price effective from Koha item type
        2018-12-17 34943 2018-12-17 2018-12-17 წიგნი